00337nam a2200121Ia 4500008004100000040001700041041001200058082001800070100001600088245007200104260002800176300001100204230917s9999||||xx |||||||||||||| ||und|| e102577aMAIN aEnglish a330.122 K849E aKovel, Joel 4aThe enemy of nature: The end of capitalism or the end of the world? aNew DelhibTulikac2003 a273 p.